00506nam a2200169Ia 4500003000900000008004100009020001800050040001600068080001300084100002600097245008300123260003300206300001700239650004100256650002200297650001700319IN-BaIIA211028s9999 xx 000 0 eng d a0-08-026495-6 cIIA Library a523bJON aJones, Barrie William 4aThe solar systemcBarrie William Jones  aOxfordbPergamon Pressc1984 axviii, 336p. aAstronomy and astrophysics thesaurus aPlanetary systems aSolar system